| 000 | 00342nam a22001337a 4500 | ||
|---|---|---|---|
| 008 | 250416b |||||||| |||| 00| 0 eng d | ||
| 020 | _a9780495565918 | ||
| 050 |
_aJA 253.58 _b.S43 |
||
| 100 | _aShafritz Jay M. | ||
| 245 | _aClassics of public Administration | ||
| 260 |
_aWadsworth _bMicheal Rosenberg _c2007 |
||
| 300 | _a606p. | ||
| 942 | _cBK | ||
| 999 |
_c3035 _d3035 |
||